| 000 | 00865nam a22002417a 4500 | ||
|---|---|---|---|
| 005 | 20110816122752.0 | ||
| 008 | 110816t xxu||||| |||| 00| 0 eng d | ||
| 010 | _aENG-103502 | ||
| 020 |
_c40.00 _a8126031336 |
||
| 035 | _aEN-87035 | ||
| 037 | _bDBAD/PUB | ||
| 040 |
_aDPL _bEng |
||
| 082 | _a875.092 | ||
| 100 |
_932849 _aModigonda Shivaprasad |
||
| 245 |
_aPalkuriki Somanatha/ _cby Modigonda Shivaprasad |
||
| 260 |
_aNew Delhi _bSahitya Akademi _c2011 |
||
| 270 |
_aRabindra Bhavan,35,Ferozeshah Road, _bNew Delhi _e110001 |
||
| 300 |
_a88p. _c22cm(pbk) |
||
| 490 |
_amakers of Indian literature _9715 |
||
| 500 | _aIncludes biblographical references | ||
| 942 |
_2ddc _cEN _mMUD _h875.092 |
||
| 999 |
_c55484 _d55484 |
||